"Lesz magyar újjászületés"
Elmentve itt :
| Szerző: | |
|---|---|
| Dokumentumtípus: | Cikk |
| Megjelent: |
1969-11-07
|
| Sorozat: | Délmagyarország
59 No. 259 |
| Kulcsszavak: | Lőkös Zoltán, Szeged felszabadulása |
| Online Access: | http://dmarchiv.bibl.u-szeged.hu/62540 |
| LEADER | 00477nab a2200157 i 4500 | ||
|---|---|---|---|
| 001 | delm62540 | ||
| 005 | 20180927151249.0 | ||
| 008 | 180927s1969 hu o 0|| hun d | ||
| 040 | |a SZTE Délmagyarország Archívum |b hun | ||
| 041 | |a hun | ||
| 100 | 1 | |a Lőkös Zoltán | |
| 245 | 1 | 0 | |a "Lesz magyar újjászületés" |h [elektronikus dokumentum] / |c Lőkös Zoltán |
| 260 | |c 1969-11-07 | ||
| 300 | |a 4 | ||
| 490 | 0 | |a Délmagyarország |v 59 No. 259 | |
| 695 | |a Lőkös Zoltán, Szeged felszabadulása | ||